| 000 | 01019nam a2200325 i 4500 | ||
|---|---|---|---|
| 003 | DO-SdBNP | ||
| 005 | 20250616100959.0 | ||
| 007 | ta | ||
| 008 | 250616b2022 it ||||| |||| 00| 0 spa d | ||
| 020 | _a9788897325857 | ||
| 040 |
_aDO-SdBNP _bspa _cBNPHU _erda |
||
| 041 |
_aspa _eita |
||
| 082 | 4 |
_axxx _bC719m _222 |
|
| 100 | 1 |
_aColón, Juan _d1948- _eautor _4aut. _954055 |
|
| 245 | 1 | 3 |
_aLe maní del silenzio / _cJuan Colón ; traduzione, Milton Fernández |
| 250 | _aPrima edizione | ||
| 264 |
_aItalia : _bRayuela Edizioni, _c2022. |
||
| 300 |
_a79 páginas ; _c19 cm. |
||
| 336 |
_atexto _btxt _2rdacontent |
||
| 337 |
_asin mediación _bn _2rdamedia |
||
| 338 |
_avolumen _bnc _2rdacarrier |
||
| 490 | 0 | _aRayuelaarcoiris | |
| 500 | _aOpera vincitrice 2022. | ||
| 546 | _aEdición español-italiano | ||
| 586 | _aPremio Internazionale di Poesía Città di Milano. | ||
| 590 | _aInventariado, 2025 /LP | ||
| 700 | 1 |
_aFernández, Milton, _etraductor _4tr. _988119 |
|
| 910 | _aLP | ||
| 942 |
_2ddc _cLBS1 |
||
| 999 |
_c58736 _d58736 |
||